000 00692nam a2200241Ia 4500
003 OSt
005 20220918191713.0
006 a|||||r|||| 00| 0
007 ta
008 220917b |||||||| |||| 00| 0 eng d
024 _a64,682
037 _cTextual
040 _aARTS
_cARTS
_beng
041 _2eng
_aeng
082 _aQv1, L8
100 _aHesselgrave David J
_976957
245 0 _aDynamic religious movements
_b Case studies of rapidily growing religious movements around the world
260 _aMichigan
_bBaker Book House
_c1978
300 _a326p.
_ccm.
650 _aRELIGION
942 _hQv1, L8
_cTEXL
_2CC
999 _c191050
_d191050